000 01021 a2200157 4500
003 OSt
005 20260204161020.0
008 260204b |||||||| |||| 00| 0 eng d
100 _aखर्डेकर प्र .
_9216611
245 _aनानाजी देशमुख
250 _a2nd ED.
260 _bभारतीय विचार साधना प्रकाशन
_c2019
_aपुणे
300 _a136pp.
520 _a Mar 2025 — 11 ऑक्टोबर 1916 रोजी नानाजींचा जन्म महाराष्ट्रातील हिंगोली जिल्ह्यातील कडोली या छोट्याशा गावात झाला. ते मराठी बोलणाऱ्या देशस्थ ऋग्वेदी ब्राह्मण घरातील होते. आर्थिक अडथळे दूर करण्याच्या त्यांच्या इच्छेचे
942 _cBK
_2ddc
999 _c370195
_d370195